000 00801nam a2200217 4500
001 126047
003 ES-MaACL
005 20230906192739.0
007 t|
008 070214s1943 ag r ||||1| spa d
100 1 _aReik, Theodor.
_996009
245 1 3 _aEl asesino desconocido
_b: psicoanálisis de los procedimientos criminológicos /
_cpor el Doctor Theodor Reik ; versión castellana del Doctor Simon Wencelblat.
260 _aBuenos Aires :
_bAsociación Psicoanalítica Argentina,
_c1943.
300 _a286 p. ;
_c24 cm.
490 1 _aBiblioteca de Psicoanálisis
700 1 _aWencelblat, Simon.
_9116478
710 2 _aAsociación Psicoanalítica Argentina.
_91789
830 0 _aBiblioteca de Psicoanálisis
_9183688
852 _aES-MaACL
_jB-13384
_bR.31035
999 _c126047
_d126047